000 01507nam a2200433 i 4500
001 8337
003 KOSZ 005
005 20200706100312.0
008 200422s1969 pl a f 000 0 pol
015 _aPB 1970/474
040 _aWA N
_cWA N
_dKOSZ 005/RW
041 1 _apol
_hger
046 _k1969
080 _a624.07
100 1 _aCsonka, Pál
_d(1896-1987)
_eAutor
245 1 0 _aPowłoki cienkie stan błonowy /
_cPál Csonka ; tłumaczenie Roman E. Czarnota-Bojarski.
246 1 _iTytuł oryginału:
_aMembranschalen.
250 _aWydanie 2.
260 _aWarszawa :
_bWydawnictwo Arkady,
_c1969.
300 _a134, [1] strony :
_bilustracje ;
_c21 cm.
336 _aTekst
_btxt
_2rdacontent
337 _aBez urzadzenia pośredniczącego
_bn
_2rdamedia
338 _aWolumin
_bnc
_2rdacarrier
380 _aKsiążki
380 _aPublikacje fachowe
388 _a1901-2000
388 _a1945-1989
490 1 _aBiblioteka Inżynierii i Budownictwa ;
_v21
504 _aBibliografia na stronach 132-[133].
650 7 _aPowłoki (budownictwo)
650 7 _aDach
655 7 _aOpracowanie
658 _aArchitektura i budownictwo
700 1 _aCzarnota-Bojarski, Roman
_d(1909-1978)
_eTłumaczenie
710 2 _aWydawnictwo Arkady
_4pbl
830 0 _aBIB Biblioteka Inżynierii i Budownictwa
_v21
856 _uhttp://koha.tu.koszalin.pl/cgi-bin/koha/opac-detail.pl?biblionumber=8337
_yKatalog online BPK
942 _2UKD
_cKS
999 _c8337
_d8337